000
00281nam a2200121 i 4500
001
bg
245
0
_a
Sterowanie adaptacyjne w technologii maszyn AC'80.
260
_a
Rydzyna,
_c
1980.
040
_c
BPK
041
_a
pol
942
_c
KS
008
s pl f |000 0 pol
999
_c
19512
_d
19512